Efficacy of participatory methods: a micro probe in a rural cluster (Record no. 49360)

000 -LEADER
fixed length control field 02020pab a2200181 454500
008 - FIXED-LENGTH DATA ELEMENTS--GENERAL INFORMATION
fixed length control field 180718b2001 xxu||||| |||| 00| 0 eng d
100 ## - MAIN ENTRY--PERSONAL NAME
Personal name Narayanasamy, N.
245 ## - TITLE STATEMENT
Title Efficacy of participatory methods: a micro probe in a rural cluster
260 ## - PUBLICATION, DISTRIBUTION, ETC.
Date of publication, distribution, etc. 2001
300 ## - PHYSICAL DESCRIPTION
Extent p.273-97
362 ## - DATES OF PUBLICATION AND/OR SEQUENTIAL DESIGNATION
Dates of publication and/or sequential designation Apr-Jun
520 ## - SUMMARY, ETC.
Summary, etc. Participatory Rural Appraisal (PRA) has emerged as a development research methodology mainly to position the partners of rural development in the right perspective and iron out the inherent problems found in conventional methods of research like survey. Lured by its lucrative features like simplicity, multi-disciplinary approach, visual way of data collection and analysis, people-centered participatory learning, and knowledge-based local action, many have started using PRA in their sphere of profession. Practised initially in the field of agriculture, PRA has eventually pervaded to a wide spectrum of development arenas in various parts of the world. The quick spread of PRA drew sharp criticism on the efficacy of its methods which, by and large, centre around accuracy, reliability and cost-effectiveness of the data collected through PRA. The type, extent and quality of participation of people in PRA exercises have also been questioned. The authors in this paper have made an attempt to ascertain the efficacy of participatory method with reference to accuracy, rapidity, cost-effectiveness and participation. They have compared the data obtained through social mapping (PRA method) with data collected through survey method in three different villages. The authors have concluded that PRA took less time to gather, analyse and report the data; cost is also less under PRA method; the data collected through PRA are as accurate as collected under survey method. Participation of people in PRA is quite high and vibrant. - Reproduced
650 ## - SUBJECT ADDED ENTRY--TOPICAL TERM
Topical term or geographic name entry element Rural development
700 ## - ADDED ENTRY--PERSONAL NAME
Personal name Baskar, B.
700 ## - ADDED ENTRY--PERSONAL NAME
Personal name Boraian, M.P.
773 ## - HOST ITEM ENTRY
Main entry heading Journal of Rural Development
909 ## -
-- 49360
Holdings
Withdrawn status Lost status Damaged status Not for loan Permanent Location Current Location Date acquired Serial Enumeration / chronology Barcode Date last seen Price effective from Koha item type
        Indian Institute of Public Administration Indian Institute of Public Administration 2018-07-19 Volume no: 20, Issue no: 2 AR49788 2018-07-19 2018-07-19 Articles

Powered by Koha